000 00497cam a2200181ua 4500
001 22572
008 180306n |||gr||||Z||||||eng
040 _aMAIN
041 _aEnglish
082 _a005 PAC
100 _aPACHECO, PETER S.,
_eAUTHOR.
245 1 _aAN INTRODUCTION TO PARALLEL PROGRAMMING
260 _aUSA:
_bMORGAN KAUFMAN PUBLICATION,
_c2014.
300 _a370:
_c21CM+
_eHB.
500 _aRUSA MDC GRANT 2014-2017
653 _aComputer programming, programs & data
942 _cBK
999 _c22432
_d22432